|
|
|
|
| LEADER |
01156nam a22003132a 4500 |
| 001 |
001081055 |
| 003 |
CZ BrMZK |
| 005 |
20101012105315.0 |
| 007 |
ta |
| 008 |
041015s1970 xr er|||||||||||cze d |
| 015 |
|
|
|a cnb000452142
|
| 035 |
|
|
|a (OCoLC)42106551
|
| 040 |
|
|
|a ABA001
|b cze
|c ULG001
|d ABA001
|d BOA001
|
| 080 |
9 |
|
|a 546(075.3)
|
| 100 |
1 |
|
|a Kucler, Rudolf
|7 jk01070483
|4 aut
|
| 245 |
1 |
0 |
|a Anorganická chemie :
|b učební text pro přípravu dělníků ve školách dělnických povolání : učeb. obory skupiny chemie /
|c Rudolf Kucler
|
| 250 |
|
|
|a 3., upr. vyd., (2. čes. vyd.)
|
| 260 |
|
|
|a Praha :
|b Státní nakladatelství technické literatury,
|c 1970
|
| 300 |
|
|
|a 98, [1] s. :
|b il., [1] tb. ;
|c 8°
|
| 490 |
1 |
|
|a Knižnice dělníka v chemickém průmyslu
|
| 490 |
1 |
|
|a Řada chemické literatury
|
| 504 |
|
|
|a Obsahuje bibliografii
|
| 500 |
|
|
|a 5200 výt.
|
| 830 |
|
0 |
|a Knižnice dělníka v chemickém průmyslu
|
| 830 |
|
0 |
|a Řada chemické literatury
|0 s
|
| 910 |
|
|
|a BOA001
|b 1-0512.458-70
|
| 990 |
|
|
|a BK
|
| 991 |
|
|
|b 201001
|
| 996 |
6 |
|
|b 2619450196
|c 1-0512.458-70
|l MZK
|r Sklad / do 1 hodiny
|n 0
|w 001102811
|u 000010
|a 1
|e BOA001
|j MZK50
|s P
|